| 000 | 00722cam a22002174a 4500 | ||
|---|---|---|---|
| 003 | OSt | ||
| 005 | 20140310182104.0 | ||
| 008 | 040127s2005 mnua j b 001 0 eng | ||
| 020 | _a0736827064 (hardcover) | ||
| 050 | 0 | 0 |
_aGV 859.8 _b.Sa275 2005 |
| 082 | 0 | 0 |
_aHS 796.22 _b Sa9 2005 |
| 100 | 1 |
_aSavage, Jeff, _d1961- _912947 |
|
| 245 | 1 | 0 |
_aStreet skating : _bgrinds and grabs / _cJeff Savage |
| 260 |
_aMankato, Minn. : _bCapstone Press, _cc2005. |
||
| 300 |
_a32 p. : _bcol. ill. ; _c24 cm. |
||
| 440 | 0 |
_aEdge Books, skateboarding _912931 |
|
| 650 | 0 |
_aSkateboarding _vJuvenile literature. _912948 |
|
| 856 | 4 | 1 |
_3Table of contents _uhttp://www.loc.gov/catdir/toc/ecip0413/2004001730.html |
| 942 |
_cHS _2lcc |
||
| 999 |
_c9250 _d9250 |
||